Wasaya (Record no. 2155)

MARC details
000 -LEADER
fixed length control field 00559nam a2200241 a 4500
020 ## - INTERNATIONAL STANDARD BOOK NUMBER
ISBN
082 00 - DEWEY DECIMAL CLASSIFICATION NUMBER
Classification number 297.4
Author Cutter TUS2
100 ## - MAIN ENTRY--AUTHOR NAME
Author name Tusi, Khwaja Nizamul
245 ## - TITLE STATEMENT
Title Wasaya
260 ## - PUBLICATION, DISTRIBUTION, ETC. (IMPRINT)
Place of publication Bombay
Name of publisher No Publishers
Year of publication 0000
300 ## - PHYSICAL DESCRIPTION
Number of Pages 80p
500 ## - GENERAL NOTE
General note includes index and biblioraphy
505 2# - FORMATTED CONTENTS NOTE
Formatted contents note Index, 145p
650 ## - SUBJECT ADDED ENTRY--TOPICAL TERM
Topical Term Sufism-Tusi
942 ## - ADDED ENTRY ELEMENTS (KOHA)
Koha item type Books
700 1# -
-- Tusi, Khwaja Nizamul
Holdings
Collection code Home library Current library Date acquired Cost, normal purchase price Full call number Accession Number Koha item type
  Henry Martyn Institute Library Henry Martyn Institute Library 07/03/2007 100.00 297.4 TUS2 04540 Books
                   Copyright © 2026 | Henry Martyn Institute | Hyderabad | TS-500052 | INDIA | Implemented by hmi.edu.in
Hit-Count:

Powered by Koha